01016na a2200265 450000100060000000300080000600500170001400800410003103500100007204000250008204100080010708200210011524501750013624600300031126000430034130000180038461000470040261000510044965000600050065000680056065000430062865700300067170000190070174000300072021875MIRAKIL20181213155206.0170208b tu 000 0  a21875 aMilasbturcTR-AnCHP atur a353.04bH94 1996 aHükümet programıbANAP Genel Başkanı ve Başbakan Mesut Yılmaz tarafından TBMM'ne sunulan ANAP-DYP kolaisyon hükümeti programıb7 Mart 1996cMesut Yılmaz a53. hükümet programı aAnkarabBaşbakanlık Basımevic1996 a24 s.c22 sm. aANAP-DYP KoalisyonuxHükümet programı aAnavatan Partisi (ANAP)xHükümet programı aKoalisyon hükümetixANAP-DYP KoalisyonuyProgramlar aSiyaset ve yönetimxHükümet programları, 1996zTürkiye a53. HükümetyHükümet programı a53. hükümet programı aYılmaz, Mesut a53. Hükümet programı